000 00383nam a2200169Ia 4500
008 170705s9999 xx 000 0 und d
020 _a9780531166673
245 _aCocaine /
245 _cElaine Landau.
260 _aNew York :
260 _bWatts Library,
260 _c2003
300 _a40 pages :
300 _bcolor illustration ;
300 _c24cm.
500 _a1000
999 _c336664
_d336664